| 000 | 01545nam a22002415i 4500 | ||
|---|---|---|---|
| 001 | 156318 | ||
| 003 | ES-MaACL | ||
| 005 | 20250820094843.0 | ||
| 008 | 050729s1559 it | |||||||| ||lat d | ||
| 040 |
_aCAM _bspa _cCAM |
||
| 110 | 2 |
_aJesuitas _95348 |
|
| 245 | 1 | 0 | _aConstitutiones Societatis Iesu. |
| 260 |
_aRomae : _bin aedibus Societatis Iesu, _c1559. |
||
| 300 |
_a[10], 159, [8] p. ; _c15 cm. |
||
| 594 | _aHay otra port. en A1 con tít.: "Constitutiones Societatis Iesu. Anno 1558" y pie de imp.: Romae: in aedibus Societatis Iesu, 1558. | ||
| 596 | _aColofón (A3 , de la segunda secuencia) | ||
| 597 | _aSign.: [ ]5, A-K8, A4. | ||
| 597 | _aAnagrama xil. de la Compañía de Jesús en ambas ports. | ||
| 597 | _aIniciales xil. | ||
| 610 | 2 | 4 |
_aJesuitas- _vReglas. _9139638 |
| 852 |
_aES-MaACL _jR-540(1) _z-- Enc. perg. _z-- Enc. entre los prelim. y la segunda port., "Primum ac generale examen iis omnibus, qui in Societatem Iesu admitti petent, proponendum", Romae: in aedibus Societatis Iesu, 1558 -- La secuencia A4 del final, enc. al final de la obra anterior y, por tanto, también delante de la segunda port. _x-- Edic.: esta descripción contiene parte de la de CCPB000006236-7. Se ha realizado la descripción por separado de las obras contenidas en el mencionado registro de CCPB, porque también se ha encontrado así en ICCU. Asímismo ICCU da [12] p. en prelim., por lo que puede que falte [1] h. en bl. -- Sustituye la descripción de CCPB000006237-5 _x Olim: G-633 |
||
| 999 |
_c156318 _d156318 |
||